| Tag |
First Indicator |
Second Indicator |
Subfields |
| LEADER |
00000cgm a2200000Mi 4500 |
| 001 |
in00005607440 |
| 006 |
m o c |
| 007 |
vz |zazu| |
| 008 |
080405s1991 nyu027 g o vueng d |
| 005 |
20241214204558.3 |
| 035 |
|
|
|a (OCoLC)ocn747796232
|
| 040 |
|
|
|a ALSTP
|b eng
|e pn
|c ALSTP
|d OCLCQ
|d UV0
|d UAB
|d OCLCO
|d OCLCQ
|d CUS
|d COO
|d OCLCO
|d CUS
|d OCLCO
|d OCLCF
|d U3G
|d OCLCO
|d OCLCQ
|d OCLCO
|d OCLCQ
|d NRC
|d CSF
|d IAA
|d EZ9
|d OCLCA
|d INT
|d OCLCQ
|d WYU
|d YOU
|d TKN
|d OCLCQ
|d GZS
|d SFB
|d OCLCO
|d OCLCL
|d OCLCQ
|d OCLCL
|d MNU
|d OCLCO
|
| 019 |
|
|
|a 780743530
|a 1085140492
|a 1125706009
|a 1136460729
|
| 035 |
|
|
|a (OCoLC)747796232
|z (OCoLC)780743530
|z (OCoLC)1085140492
|z (OCoLC)1125706009
|z (OCoLC)1136460729
|
| 041 |
1 |
|
|a eng
|p eng
|
| 043 |
|
|
|a f-nr---
|
| 050 |
|
4 |
|a GN303
|
| 082 |
0 |
4 |
|a 305.42
|q OCoLC
|2 20/eng/20231120
|
| 049 |
|
|
|a TXAM
|
| 245 |
0 |
0 |
|a Becoming a woman in Okrika /
|c produced by Judith Gleason and Elisa Mereghetti.
|
| 264 |
|
2 |
|a New York, NY :
|b Filmakers Library,
|c 1991.
|
| 300 |
|
|
|a 1 online resource (27 min.)
|
| 306 |
|
|
|a 002700
|
| 336 |
|
|
|a two-dimensional moving image
|b tdi
|2 rdacontent
|
| 337 |
|
|
|a computer
|b c
|2 rdamedia
|
| 338 |
|
|
|a online resource
|b cr
|2 rdacarrier
|
| 341 |
0 |
|
|a auditory
|b captions
|
| 347 |
|
|
|a data file
|2 rda
|
| 532 |
1 |
|
|a Closed captioning in English
|
| 520 |
|
|
|a This visually stunning film documents an extraordinary coming of age ritual in a village in the Niger Delta. It suggests the conflict Third World women face between traditions and the values of the modern world. The rite, called Iria, consists of elaborately painting the young women s bodies with beautiful designs; subjecting their bodies to public scrutiny by the elder women; methodically fattening them; and teaching them the responsibilities of womanhood. After an elaborate celebration, they run a race pursued by young men and their leader, representing a mythological personage who is armed with sticks. By passing through this rite, the women let go of girlish fantasies and prepare for childbearing. This unique film will provoke discussion in Women s Studies, African Studies, Anthropology, and Development courses.
|
| 521 |
|
|
|a For High School; College; Adult audiences.
|
| 546 |
|
|
|a English.
|
| 588 |
0 |
|
|a DVD version record.
|
| 586 |
|
|
|a National Women's Studies Conference, 1992
|
| 586 |
|
|
|a American Psychiatric Association, 1992
|
| 586 |
|
|
|a American Anthropological Association, 1991
|
| 586 |
|
|
|a American Film & Video Festival, 1991
|
| 586 |
|
|
|a First Prize, International Ethnographic Film Festival, Italy, 1990
|
| 586 |
|
|
|a Margaret Mead Film Festival, 1991
|
| 650 |
|
0 |
|a Ijo (African people)
|x Rites and ceremonies.
|
| 650 |
|
0 |
|a Women
|z Nigeria
|x Social life and customs.
|
| 650 |
|
6 |
|a Ijaw (Peuple d'Afrique)
|x Rites et cérémonies.
|
| 650 |
|
6 |
|a Femmes
|z Nigeria
|x Mœurs et coutumes.
|
| 650 |
|
7 |
|a Ijo (African people)
|x Rites and ceremonies
|2 fast
|
| 650 |
|
7 |
|a Women
|x Social life and customs
|2 fast
|
| 651 |
|
7 |
|a Nigeria
|2 fast
|1 https://id.oclc.org/worldcat/entity/E39PBJcWvf9xXVHQKFTDpVGCQq
|
| 653 |
|
0 |
|a Women's issues
|
| 655 |
|
0 |
|a Documentary.
|
| 655 |
|
2 |
|a Documentaries and Factual Films
|
| 655 |
|
4 |
|a Streaming videos.
|
| 655 |
|
7 |
|a documentary film.
|2 aat
|
| 655 |
|
7 |
|a Documentary films
|2 fast
|
| 655 |
|
7 |
|a Ethnographic films
|2 fast
|
| 655 |
|
7 |
|a Nonfiction films
|2 fast
|
| 655 |
|
7 |
|a Video recordings for the hearing impaired.
|2 lcgft
|
| 655 |
|
7 |
|a Documentary films.
|2 lcgft
|
| 655 |
|
7 |
|a Ethnographic films.
|2 lcgft
|
| 655 |
|
7 |
|a Nonfiction films.
|2 lcgft
|
| 700 |
1 |
|
|a Gleason, Judith,
|d 1929-2012,
|e producer.
|1 https://id.oclc.org/worldcat/entity/E39PBJwxHjHDQKR9TgjPpk4rMP
|
| 700 |
1 |
|
|a Mereghetti, Elisa,
|e producer.
|
| 710 |
2 |
|
|a Kamel Film.
|
| 758 |
|
|
|i has work:
|a Becoming a woman in Okrika (MovingImage)
|1 https://id.oclc.org/worldcat/entity/E39PCGM8bY7CMjjy9X6Jbt9RXb
|4 https://id.oclc.org/worldcat/ontology/hasWork
|
| 830 |
|
0 |
|a Filmakers Library online.
|
| 856 |
4 |
0 |
|u http://proxy.library.tamu.edu/login?url=https://www.aspresolver.com/aspresolver.asp?AVN2;1689318
|z Connect to this streaming video (Alexander Street Press)
|t 0
|
| 955 |
|
|
|a Alexander Street Press perpetual purchased Fall 2024 streaming video
|
| 994 |
|
|
|a 92
|b TXA
|
| 999 |
f |
f |
|s 67d1b14a-a9b1-43d6-a692-a4ba2778d5bc
|i 5e761e69-92f5-421e-be62-47bd908e9de4
|t 0
|
| 952 |
f |
f |
|a Texas A&M University
|b College Station
|c Electronic Resources
|d Available Online
|t 0
|e GN303
|h Library of Congress classification
|
| 998 |
f |
f |
|a GN303
|t 0
|l Available Online
|